000 00723nam a22001817a 4500
008 160912b xxu||||| |||| 00| 0 eng d
020 _a1585423459
082 _2200
_aDC 306.3094
_bR44c
100 _914468
_aRifkin, Jeremy
245 _aThe European dream/
_bhow Europe 's vision of the future is quietly eclipsing the American dream.
_cJeremy Rifkin
260 _aNew York:
_bJeremy P. Teacher/Penguin,
_cc2004.
300 _aviii, 434 pages;
_c24 cm.
500 _aIncludes bibliographical references and index.
650 0 _914469
_aEconomic development
_xSocial aspects
_zEurope
650 0 _914470
_aEconomic development
_xSocial aspects
_zUnited States
650 0 _914471
_aQuality of life
_zEurope
942 _2ddc
_cDC
999 _c4493
_d4493